Nicaragua: tenencia y uso de la tierra. Características generales de la utilización y distribución de la tierra en Nicaragua /
Describe los aspectos más sobresalientes de la agricultura, población, tenencia de la tierra y uso de los recursos en Nicaragua - forma parte de un estudio realizado en 1966 y comprende varios aspectos relacionados con el problema agrario y la reforma agraria en ese país. El objetivo principal es pr...
Furkejuvvon:
| Searvvušdahkkit: | , |
|---|---|
| Materiálatiipa: | Texto |
| Almmustuhtton: |
Tegucigalpa:
INA
|
| Fáttát: | |
| Fáddágilkorat: |
Lasit fáddágilkoriid
Eai fáddágilkorat, Lasit vuosttaš fáddágilkora!
|
MARC
| LEADER | 00000 a a2200000 04500 | ||
|---|---|---|---|
| 001 | 19584 | ||
| 003 | |||
| 040 | |a CRAI/IIS |c CRAI/IIS | ||
| 090 | |a 077800 | ||
| 110 | |a Instituto Nacional Agrario. Programa de Capacitación Campesina para la Reforma Agraria | ||
| 245 | |a Nicaragua: tenencia y uso de la tierra. Características generales de la utilización y distribución de la tierra en Nicaragua / |c Instituto Nacional Agrario. Programa de Capacitación Campesina para la Reforma Agraria | ||
| 260 | |a Tegucigalpa: |b INA | ||
| 300 | |a 133 p. | ||
| 500 | |a Borrador de trabajo para uso interno exclusivamente | ||
| 520 | |a Describe los aspectos más sobresalientes de la agricultura, población, tenencia de la tierra y uso de los recursos en Nicaragua - forma parte de un estudio realizado en 1966 y comprende varios aspectos relacionados con el problema agrario y la reforma agraria en ese país. El objetivo principal es presentar el marco general en que se desenvuelven los campesinos en sus mutuas relaciones y exponer algunos de los efectos de esas relaciones respecto a la utilización de los recursos. Ofrece información sobre población, utilización de la tierra, mano de obra, tenencia de la tierra, ocupación precaria, ingresos agrícolas. Contiene información censal de los años 1962 y 1963 /ALLV | ||
| 650 | |a ESTRUCTURA AGRARIA | ||
| 650 | |a TENENCIA DE LA TIERRA | ||
| 650 | |a REFORMA AGRARIA | ||
| 650 | |a PRODUCCION AGRICOLA | ||
| 650 | |a USO DE LA TIERRA | ||
| 710 | |a Grupo Centroamericano de Tenencia de la Tierra y Desarrollo Rural | ||
| 999 | |c 3126 |d 3126 | ||
